The Basic conception of Buddhism (Record no. 3129)
[ view plain ]
| 000 -LEADER | |
|---|---|
| fixed length control field | 00792 a2200253 4500 |
| 003 - CONTROL NUMBER IDENTIFIER | |
| control field | dpl |
| 005 - DATE AND TIME OF LATEST TRANSACTION | |
| control field | 20181129150258.0 |
| 008 - FIXED-LENGTH DATA ELEMENTS--GENERAL INFORMATION | |
| fixed length control field | 090604t xxu||||| |||| 00| 0 eng d |
| 010 ## - LIBRARY OF CONGRESS CONTROL NUMBER | |
| LC control number | ENG-85466 |
| 020 ## - INTERNATIONAL STANDARD BOOK NUMBER | |
| Terms of availability | 250.00 |
| International Standard Book Number | 8190401408 |
| 035 ## - SYSTEM CONTROL NUMBER | |
| System control number | EN-68999, B-227069, B-227071 |
| 037 ## - SOURCE OF ACQUISITION | |
| Source of stock number/acquisition | D.B.Act / Pub |
| 040 ## - CATALOGING SOURCE | |
| Transcribing agency | dpl |
| 082 ## - DEWEY DECIMAL CLASSIFICATION NUMBER | |
| Classification number | 250 |
| 100 ## - MAIN ENTRY--PERSONAL NAME | |
| Personal name | Bhattacharya, Vidhushekhara |
| 245 ## - TITLE STATEMENT | |
| Title | The Basic conception of Buddhism |
| Statement of responsibility, etc | by Vidhushekhara Bhattacharya |
| 250 ## - EDITION STATEMENT | |
| Edition statement | new ed. |
| 260 ## - PUBLICATION, DISTRIBUTION, ETC. (IMPRINT) | |
| Place of publication, distribution, etc | Delhi |
| Name of publisher, distributor, etc | Universal Voice |
| Date of publication, distribution, etc | 2007 |
| 270 ## - ADDRESS | |
| Address | 3421-A, IInd Floor, Narang Colony, Tri Nagar |
| City | Delhi |
| State or province | Delhi |
| Postal code | 110035 |
| Telephone number | 27393083, 30967505 |
| 300 ## - PHYSICAL DESCRIPTION | |
| Extent | x, 103 p. |
| Dimensions | 22 cm. (Hb) |
| 500 ## - GENERAL NOTE | |
| General note | Includes bibliographical references and index |
| 650 ## - SUBJECT ADDED ENTRY--TOPICAL TERM | |
| Topical term or geographic name as entry element | Buddhism. |
| 942 ## - ADDED ENTRY ELEMENTS (KOHA) | |
| Institution code [OBSOLETE] | dpl |
| Koha item type | English Books |
| Call number prefix | 250 / BHA |
| Source of classification or shelving scheme | Dewey Decimal Classification |
| Withdrawn status | Lost status | Source of classification or shelving scheme | Damaged status | Not for loan | Home library | Current library | Source of acquisition | Cost, normal purchase price | Total Checkouts | Full call number | Barcode | Date last seen | Copy number | Uniform Resource Identifier | Cost, replacement price | Price effective from | Koha item type | Collection code | Shelving location | Date acquired | Total Renewals | Date checked out |
|---|---|---|---|---|---|---|---|---|---|---|---|---|---|---|---|---|---|---|---|---|---|---|
| Dewey Decimal Classification | D.B.Act.Division | D.B.Act.Division | DBAD/PUB | 250.00 | 250 BHA | EN-68999 | 15/09/2008 | 1 | 3327 | 250.00 | 15/09/2008 | English Books | ||||||||||
| Dewey Decimal Classification | Kadipur | Kadipur | BPPD/PUB | 250.00 | 250 BHA | B-227068 | 21/08/2019 | 4 | 250.00 | 21/08/2019 | English Books | Non-fiction | 21/08/2019 | |||||||||
| Dewey Decimal Classification | Sarojini Nagar | Sarojini Nagar | 250.00 | 2 | 250 BHA | B-227056 | 22/02/2020 | 250.00 | 07/04/2012 | English Books | Non-fiction | General Stacks | 07/04/2012 | 1 | 01/02/2020 | |||||||
| Dewey Decimal Classification | Shahdara Branch | Shahdara Branch | BPPD/PUB | 250.00 | 1 | B-227069 | 20/05/2023 | 250.00 | 10/08/2018 | English Books | Non-fiction | 10/08/2018 | 09/05/2023 | |||||||||
| Dewey Decimal Classification | Vigyan Vihar | Vigyan Vihar | BPPD/PUB | 250.00 | B-227071 | 29/11/2018 | 250.00 | 29/11/2018 | English Books | Non-fiction | 29/11/2018 |
